000
00329nam a22001457a 4500
999
_c
8816
_d
8816
003
OSt
008
200711b ||||| |||| 00| 0 eng d
100
_a
Gokhale
245
_a
Comprehensive Practical Pharmacognosy
250
_a
2018
260
_a
New Delhi
_b
Nirali
300
_a
i.9
650
_a
Pharmacognosy
942
_2
ddc
_c
BK